000
00265nam a2200109Ia 4500
008
200302s9999 xx 000 0 und d
100
_a
Percy W. Blandford
245
_a
Play houses, Gazebos, and Sheds
260
_b
Tab Books Ltd.
260
_c
1992
300
_a
138 P.,
999
_c
1431
_d
1431